Fundamentos de Derecho Laboral y Social (Registro nro. 6229)
[ vista simple ]
| 000 -ENCABEZADO | |
|---|---|
| Número de control [NR] | 00641nam a2200181Ia 4500 |
| 008 - DE LONGITUD FIJA DE DATOS DE ELEMENTOS - INFORMACIÓN GENERAL | |
| Elementos de longitud fija [NR] | 130821s1995 bo gr spa |
| 040 ## - FUENTE DE CATALOGACION [NR] | |
| Agencia de catalogación original [NR] | Co-BoUCM |
| Idioma de catalogación [NR] | spa |
| 041 ## - CODIGO DE IDIOMA [R] | |
| Código de idioma para texto/pista de sonido o título separado [R] | Español |
| 100 ## - ASIENTO PRINCIPAL--NOMBRE PERSONAL [NR] | |
| Nombre personal [NR] | Chazal Palomo, José Antonio De |
| ID Autoridad | 155411 |
| 245 ## - MENCION DE TITULO [NR] | |
| Título [NR] | Fundamentos de Derecho Laboral y Social |
| Mención de responsabilidad, etc. [NR] | José Antonio de Chazal Palomo. |
| 260 ## - PUBLICACION, DISTRIBUCION, ETC. (PIE DE IMPRENTA) [R] | |
| Lugar de publicación, distribución, etc. [R] | Bolivia |
| Nombre del editor, distribuidor, etc. [R] | Universidad Privada de Santa Cruz de la Sierra |
| Fecha de publicación, distribución, etc. [R] | 1995 |
| 300 ## - DESCRIPCION FISICA [R] | |
| Extensión [R] | 289 páginas |
| 504 ## - NOTA DE BIBLIOGRAFIA, ETC. [R] | |
| Nota de bibliografía, etc. [NR] | |
| 650 04 - ASIENTO SECUNDARIO DE MATERIA - TERMINO TEMATICO [R] | |
| Término temático o nombre geográfico como elemento de entrada [NR] | Derecho laboral |
| 9 (RLIN) | 12787 |
| 650 04 - ASIENTO SECUNDARIO DE MATERIA - TERMINO TEMATICO [R] | |
| Término temático o nombre geográfico como elemento de entrada [NR] | Derecho laboral |
| Subdivisión geográfica [R] | Bolivia |
| 9 (RLIN) | 12787 |
| 942 ## - ELEMENTOS DE ENTRADA AGREGADOS (KOHA) | |
| Tipo de ítem principal el descrito en 300a | Libro |
| Tema principal | Derecho |
| Edición | 1 |
| Parte restante de la signatura top. | CH19 |
| Sistema de clasificación | DEWEY |
| Clasificación | 344.01 |
| Fecha de último préstamo | Total préstamos | Signatura topográfica | Código de barras | Última vez visto | Ejemplar | Price effective from | Tipo de ítem | Perdido | Sistema de clasificación | Dañado | No prestable | Tipo de ítem específico | Suprimido | Ubicación habitual | Ubicación actual | Localización | Fecha de creación | Forma de adquisición | Costo |
|---|---|---|---|---|---|---|---|---|---|---|---|---|---|---|---|---|---|---|---|
| 21/09/2015 | 18 | 344.01 CH19 | 100035928 | 06/06/2024 | Ej.1 | 03/02/2013 | Libro | DEWEY | Libro | Bodega | Bodega | 3er piso | 28/02/2003 | Donación | 1000.00 |